| 000 | 00507nam a2200169 a 4500 | ||
|---|---|---|---|
| 005 | 20140414132115.0 | ||
| 008 | 121029s19uu xx 00 eng d | ||
| 020 | _a1590846419 | ||
| 050 |
_aREF 371.8 _bMc169 2004 |
||
| 100 | _aMcNab, Chris | ||
| 245 |
_aSports injuries: _bhow to prevent, diagnose, & treat: weight training. |
||
| 260 |
_aLondon : _bAmber Books Ltd, _c2004. |
||
| 300 | _a64 | ||
| 650 |
_aSports injuries- _xtreatment-diagnose |
||
| 650 |
_aWeight- _xtraining- _xbasics. |
||
| 999 |
_c114879 _d114879 |
||